Library Banner

Tasawwaf kia he? = تصوف کیا ہے؟ / (Record no. 126454)

MARC details
000 -LEADER
fixed length control field 00608nam a22001457a 4500
005 - DATE AND TIME OF LATEST TRANSACTION
control field 20220423090403.0
008 - FIXED-LENGTH DATA ELEMENTS--GENERAL INFORMATION
fixed length control field 220423b ||||| |||| 00| 0 eng d
040 ## - CATALOGING SOURCE
Transcribing agency PK-LaUMT
082 ## - DEWEY DECIMAL CLASSIFICATION NUMBER
Classification number 297.4
Item number MAN-T
100 ## - MAIN ENTRY--PERSONAL NAME
Personal name Manzoor Nomani, Muhammad = منظور نعمانی، محمد
245 ## - TITLE STATEMENT
Title Tasawwaf kia he? = تصوف کیا ہے؟ /
Statement of responsibility, etc by Muhammad Manzoor, Muhammad Awais Nadavi and Syed AbwalHsn Nadavi = از محمد منظور نعمانی، محمد اویس ندوی اور سید ابوالحسن علی ندوی
260 ## - PUBLICATION, DISTRIBUTION, ETC. (IMPRINT)
Place of publication, distribution, etc Lahore :
Name of publisher, distributor, etc Idarah Islamiyat,
Date of publication, distribution, etc 1981
300 ## - PHYSICAL DESCRIPTION
Extent 144 p.
942 ## - ADDED ENTRY ELEMENTS (KOHA)
Koha item type Books
Holdings
Withdrawn status Lost status Damaged status Home library Current library Date acquired Full call number Barcode Date last seen Price effective from Koha item type
      UMT Main Campus UMT Main Campus 2022-04-23 297.4 MAN-T 142894 2022-04-23 2022-04-23 Books